Water supply and pollution control

সংরক্ষণ করুন:
গ্রন্থ-পঞ্জীর বিবরন
প্রধান লেখক: Viessman, Warren
বিন্যাস: গ্রন্থ
ভাষা:Undetermined
প্রকাশিত: New York Pearson 2005
বিষয়গুলি:
ট্যাগগুলো: ট্যাগ যুক্ত করুন
কোনো ট্যাগ নেই, প্রথমজন হিসাবে ট্যাগ করুন!
Thư viện lưu trữ: Trung tâm Học liệu Trường Đại học Cần Thơ
LEADER 00572nam a2200205Ia 4500
001 CTU_74645
008 210402s9999 xx 000 0 und d
020 |b 394500 
082 |a 628.1 22 
082 |b V665 
100 |a Viessman, Warren 
245 0 |a Water supply and pollution control 
245 0 |c Warren Viessman, Mark J. Hammer 
260 |a New York 
260 |b Pearson 
260 |c 2005 
650 |a Water-supply,Water,Sewage 
650 |x Management,Purification,Purification 
904 |i Năm 
980 |a Trung tâm Học liệu Trường Đại học Cần Thơ